000 00512nab a2200205 a 4500
001 19638
003 52725
005 20201118095847.0
008 ||||||n9999 ||| || ||
041 _aspa
100 _aMillman, Joel
245 0 _aLas cifras de cifra no mienten
260 _aChile :
_bGrupo Nanbei,
_c1991.
300 _app. 33-35
562 _e0
650 _aADMINISTRACIÓN DE EMPRESAS
650 _aEMPRESAS COMERCIALES
773 _019633
_aAmérica Economía - No.51
942 _cSART
999 _c19638
_d19638